50 Best Romantic Comedies - Statistics

General Stats
  • This quiz has been taken 521 times
  • The average score is 10 of 50
Answer Stats
Answer % Correct
44 10 Things I Hate About You
68%
43 How to Lose a Guy in 10 Days
68%
2 Pretty Woman
59%
6 Notting Hill
58%
1 When Harry Met Sally
56%
24 Love Actually
49%
7 Sleepless in Seattle
42%
3 You've Got Mail
41%
30 27 Dresses
38%
40 13 Going on 30
36%
18 Bridget Jones's Diary
35%
4 Clueless
35%
16 The Holiday
31%
8 My Best Friends Wedding
26%
37 The Wedding Planner
23%
35 Crazy, Stupid, Love
22%
14 Four Weddings and a Funeral
21%
9 The Wedding Singer
21%
41 She's the Man
18%
12 While You Were Sleeping
17%
50 500 Days of Summer
16%
32 Crazy Rich Asians
16%
39 Knocked Up
16%
22 My Big Fat Greek Wedding
15%
48 Sweet Home Alabama
13%
19 The Princess Bride
13%
28 There's Something About Mary
13%
15 Hitch
12%
49 To All the Boys I've Loved Before
12%
17 Two Weeks Notice
11%
13 Groundhog Day
10%
10 Forgetting Sarah Marshall
7%
25 Say Anything
7%
5 Jerry Maguire
6%
23 Moonstruck
6%
21 The 40-Year-Old Virgin
6%
33 Amelie
5%
47 Silver Linings Playbook
5%
11 Something's Gotta Give
5%
31 The Big Sick
4%
27 Can't Buy Me Love
3%
20 High Fidelity
3%
45 Palm Springs
3%
34 Bull Durham
2%
46 Harold and Maude
2%
38 The Best Man
2%
29 Working Girl
2%
26 Boomerang
1%
42 She's Gotta Have It
1%
36 The Cutting Edge
1%
No matching quizzes found
Score Distribution
Percent of People with Each Score
Percentile by Number Answered
Your Score History
You have not taken this quiz